| 000 | 00895nam a2200289 a 4500 | ||
|---|---|---|---|
| 001 | 000112620 | ||
| 003 | CHAP | ||
| 005 | 20230607093026.0 | ||
| 008 | 160809s2002 mx a |r| ||||||spa d | ||
| 010 | _a109081 | ||
| 011 | _a110053 | ||
| 020 | _a9688847968 | ||
| 040 | _cCHAP | ||
| 082 | 0 | 4 |
_a627.52 _bA58 |
| 100 | 1 | 0 |
_aÁngeles Montiel, Vicente _982430 |
| 245 | 1 | 0 |
_aRedes abiertas de tuberías para riego : _btrazos, diseño, revisión y análisis / _cpor Vicente Ángeles Montiel. |
| 260 |
_aChapingo, Méx. : _bUACH., _c2002. |
||
| 300 |
_a152 p. : _bil. |
||
| 590 |
_aBATCH-UPD _b05 _c20160809 _lUCH01 _h1213 |
||
| 590 |
_aE5765TAJ _b05 _c20160809 _lUCH01 _h1212 |
||
| 650 | 1 | 4 |
_aAgua de riego _xAdministración. _9131014 |
| 650 | 1 | 4 |
_aIngeniería hidráulica. _958235 |
| 650 | 1 | 4 |
_aRedes de tuberías _xDiseño y construcción. _9131013 |
| 901 | _aBK | ||
| 942 | _cLIBRO | ||
| 942 | _n0 | ||
| 999 |
_c109081 _d109081 |
||